Etiqueta de registo: 00940nam 2200253 450
001 1817321
003 http://id.bnportugal.gov.pt/bib/catbnp/1817321
010 ## $a978-989-95839-4-8
021 ## $aPT$b317092/10
100 ## $a20120816d2010 m a0pory0103 ba
101 0# $apor
102 ## $aPT
105 ## $aa z 000yd
106 ## $ar
200 1# $aRecordando o professor Emídio Ribeiro$fElísio de Carvalho$gfot. Carlos Ribeiro
205 ## $a1ª ed
210 #9 $aTerras do Bouro$cCâmara Municipal de Terras do Bouro ;$aPorto$cConselho Regional do Norte da Ordem dos Médicos,$d2010
215 ## $a141, [1] p.$cil.$d30 cm
675 ## $a929Ribeiro, Emídio$vBN$zpor$31505112
675 ## $a61Ribeiro, Emídio$vBN$zpor$31505113
700 #1 $aCarvalho,$bElísio de$31503691
702 #1 $910$aRibeiro,$bCarlos$4600$31503693
801 #0 $aPT$bBN$gRPC
856 41 $uhttp://rnod.bnportugal.gov.pt/ImagesBN/winlibimg.aspx?skey=&doc=1817321&img=15656&save=true
900 ## $aBIBNAC$d20121026
966 ## $lBN$mFGMON$sH.G. 62322 V.$x1
966 ## $lBN$mFGMON$sH.G. 62322 V.-D$x1
Etiqueta de registo: 00000nam 2200025 450
001 1878720
003 http://id.bnportugal.gov.pt/bib/catbnp/1878720
010 ## $a978-989-20-4497
021 ## $aPT$b371362/14
100 ## $a20140714d2014 m y0pory01030103ba
101 0# $apor
102 ## $aPT
105 ## $aa z 000yy
106 ## $ar
200 1# $aÓbidos$elegado histórico, três patrimónios nacionais$fCarlos Ribeiro
210 #9 $a[S.l.$cs.n.],$dD.L. 2014<$e[Benedita] :$gRelgráfica )
215 ## $a[22] p.$cmuito il.$d24 cm
512 ## $aÓbidos$eVila Jardim$elegado histórico, três patrimónios nacionais
675 ## $a908(469.325)$vBN$zpor$3903838
675 ## $a77.03$vBN$zpor$3290160
700 #1 $910$aRibeiro,$bCarlos$31503693
801 #0 $aPT$bBN$gRPC
856 41 $uhttp://rnod.bnportugal.gov.pt/ImagesBN/winlibimg.aspx?skey=&doc=1878720&img=46074&save=true
900 ## $aBIBNAC$d20140718
966 ## $lBN$mFGMON$sH.G. 67459 V.$x1
966 ## $lBN$mFGMON$sH.G. 67459 V.-D$x1
Etiqueta de registo: 00000nam 2200025 450
001 1879503
003 http://id.bnportugal.gov.pt/bib/catbnp/1879503
010 ## $a978-989-20-4134-6
021 ## $aPT$b363955/13
100 ## $a20140723d2013 m d0pory01030103ba
101 0# $apor
102 ## $aPT
105 ## $aa z 000yy
106 ## $ar
200 1# $aÓbidos$esucessos e fracassos$emarcos e desaires a ponderar para o futuro deste e de outros municípios$fJosé Machado$gfot. Carlos Ribeiro$grev. Maria João Veloso Machado
210 #9 $a[S.l.$cs.n.],$dcop. 2013$e[Benedita] :$gRelgráfica)
215 ## $a183, [2] p.$cil.$d23 cm
675 ## $a352(469.325)$vBN$zpor$31242525
700 #1 $94$aMachado,$bJosé$31580907
702 #1 $910$aRibeiro,$bCarlos$4600$31503693
702 #1 $aMachado,$bMaria João$4675$3121806
801 #0 $aPT$bBN$gRPC
856 41 $uhttp://rnod.bnportugal.gov.pt/ImagesBN/winlibimg.aspx?skey=&doc=1879503&img=46642&save=true
900 ## $aBIBNAC$d20140819
966 ## $lBN$mFGMON$sS.C. 138423 V.$x1
966 ## $lBN$mFGMON$sS.C. 138423 V.-D$x1
Etiqueta de registo: 00254nam 2200025 450
001 2286061
003 http://id.bnportugal.gov.pt/bib/catbnp/2286061
021 ## $aPT$b561487/26
100 ## $a20260508d2026 m y0pory01030103ba
101 0# $apor
102 ## $aPT
105 ## $aa z 000yy
106 ## $ar
200 1# $aEscrever com água em papel de arroz - campos do Mondego$fCarlos Ribeiro
210 #9 $a[S.l.]$cCarlos Ribeiro,$d2026
215 ## $a1 v.$cil.$d16 cm
675 ## $a77Ribeiro, Carlos$vBN$zpor$32002023
675 ## $a77.04(=1:469)"20"$vBN$zpor$31426427
700 #1 $910$aRibeiro,$bCarlos$31503693
801 #0 $aPT$bBN$gRPC
856 41 $uhttp://rnod.bnportugal.gov.pt/ImagesBN/winlibimg.aspx?skey=&doc=2286061&img=223813&save=true
966 ## $lBN$mFGMON$sB.A. 12625 P.$x1
971 ## $cssilva$d20260508
973 ## $ctrodrigues$d20260629